Países que Limitan con Brasil - ¡Muerte súbita! - Estadísticas

Estadísticas generales
  • Esta prueba ha sido intentada 264 veces
  • La puntuación promedio es 8 de 10
Answers on the Grid
Answers color-coded by a green-red scale on the quiz's grid according to % correct below.
Argentina
Bolivia
Perú
Venezuela
Surinam
Guyana
Uruguay
Paraguay
Francia
Colombia
Chile
Ecuador
Nueva Granada
Panamá
España
Portugal
Trinidad y Tobago
El Salvador
Estados Unidos
Filipinas
Cuba
Bahamas
República Dominicana
Costa Rica
 
Estadísticas de respuestas
Respuesta % Correcto
Argentina
86%
Uruguay
84%
Paraguay
81%
Bolivia
79%
Venezuela
78%
Surinam
77%
Guyana
76%
Colombia
74%
Perú
73%
Francia
57%
No se encontraron pruebas coincidentes
Distribución de puntuación
Porcentaje de gente con cada puntuación
Porcentaje por número respondido
Historial de tus puntuaciones
No has intentado esta prueba.